000 00270nam a22001217a 4500
008 260116b ||||| |||| 00| 0 eng d
041 _aeng
080 _a0002
100 _a20
101 _aART
245 _aArchitectural record
_cSantiago Calatravas
942 _2lcc
_cBK
999 _c60753
_d60753